Online Catalogue and eLibrary

Penniya kuralathivum dalit penniya udalmoliyum (Record no. 1034)

MARC details
000 -LEADER
fixed length control field 00391nam a2200157Ia 4500
005 - DATE AND TIME OF LATEST TRANSACTION
control field 20250522033635.0
008 - FIXED-LENGTH DATA ELEMENTS--GENERAL INFORMATION
fixed length control field 240331s9999 xx 000 0 und d
082 ## - DDC Classification
Class No. 301
Item Number - Author Mark MAL
100 ## - MAIN ENTRY--PERSONAL NAME
Personal name Mallika, A
245 #0 - TITLE STATEMENT
Title Penniya kuralathivum dalit penniya udalmoliyum
260 ## - PUBLICATION, DISTRIBUTION, ETC.
Place of publication, distribution, etc. Chennai
Name of publisher, distributor, etc. Kaavya
Date of publication, distribution, etc. 2002
300 ## - PHYSICAL DESCRIPTION
Extent (e.g. Volumes, Pages etc.) ix, 86 p .,
650 ## - SUBJECT ADDED ENTRY--TOPICAL TERM
Topical term or geographic name entry element Dalit Women
650 ## - SUBJECT ADDED ENTRY--TOPICAL TERM
Topical term or geographic name entry element Udal mozlium
942 ## - Koha item type (Biblio)
Koha item type Books in Stacks (Lending)
Holdings
Lost status Damaged status Collection code Home library Current library Shelving location Date acquired Full call number Accession Number Item type
    Lending WERC Library WERC Library Social Science Cupboard 03/31/2024 301 MAL 4970 Books in Stacks (Lending)

© WERC Library